| 000 | 00916nam a22002417a 4500 | ||
|---|---|---|---|
| 999 |
_c8727 _d8727 |
||
| 003 | AR-CdUCM | ||
| 008 | 190325b ||||| |||| 00| 0 spa d | ||
| 040 |
_aMUNICIPALIDAD PROVINCIAL DEL CUSCO _cBIBLIOTECA MUNICIPAL DEL CUSCO |
||
| 082 |
_a636.2966 / _bC81 |
||
| 100 |
_aConcellon Martinez, Antonio _920548 |
||
| 245 | _aGanaderia Practica / | ||
| 260 |
_aBarcelona : _bRámon Sopena _c1972. |
||
| 300 |
_a557 paginas ; _bilustraciones, graficos, dibujos, _c21 cm. |
||
| 440 |
_aBiblioteca Hispania ilustrada _n40 _924369 |
||
| 500 | _aBiblioteca Hispania | ||
| 505 | _aContenido:Ganaderia -- ganado -- especies domesticas -- extension y censos ganaderos -- anatomia y fisiologia -- fundamentos economicos -- bases cientificas... | ||
| 650 |
_aAlimentación _919429 |
||
| 650 |
_aGanaderia _9321 |
||
| 650 |
_aNutrición _92384 |
||
| 700 |
_aValle Arribas, José _922972 |
||
| 942 |
_2ddc _cLIBROS |
||
| 945 | _apjha | ||